Największe miasta lubelskiego kończące się A-Z - Statystyki

Ogólne statystyki
  • Ten quiz został rozwiązany 36 razy
  • Średni wynik to 9 z 14
Statystyki odpowiedzi
Litera Populacja (przybliżona) Miasto % Poprawnych
N 330 tys. Lublin
97%
Ć 60 tys. Zamość
97%
A 55 tys. Biała Podlaska
88%
Y 40 tys. Puławy
88%
M 55 tys. Chełm
85%
J 25 tys. Biłgoraj
79%
K 35 tys. Świdnik
71%
W 27 tys. Łuków
62%
I 18 tys. Tomaszów Lubelski
59%
E 8 tys. Opole Lubelskie
38%
C 3 tys. Zwierzyniec
29%
Ą 800 Józefów nad Wisłą
26%
D 3 tys. Tarnogród
21%
L 5 tys. Terespol
21%
Nie znaleziono quizów pasujących do podanych kryteriów
Rozkład punktacji
Procent ludzi z każdym wynikiem
Percentyl według liczby udzielonych odpowiedzi
Twoja historia wyników
Nie rozwiązałeś tego quizu